Kiến trúc nhiệt đới ẩm

Guardat en:
Dades bibliogràfiques
Autor principal: HOÀNG HUY THẮNG
Format: Llibre
Idioma:Undetermined
Publicat: Xây dựng 2002
Etiquetes: Afegir etiqueta
Sense etiquetes, Sigues el primer a etiquetar aquest registre!
Thư viện lưu trữ: Trung tâm Học liệu Trường Đại học Cần Thơ
LEADER 00416nam a2200145Ia 4500
001 CTU_48672
008 210402s9999 xx 000 0 und d
082 |a 721.046 
082 |b Th116 
100 |a HOÀNG HUY THẮNG 
245 0 |a Kiến trúc nhiệt đới ẩm 
245 0 |c HOÀNG HUY THẮNG 
260 |b Xây dựng 
260 |c 2002 
980 |a Trung tâm Học liệu Trường Đại học Cần Thơ